|
|
|
|
| LEADER |
00000nab a2200000 a 4500 |
| 001 |
vtls000901101 |
| 003 |
SK-MaSNL |
| 005 |
20260302175723.0 |
| 008 |
040720e19990611xo 0 slo |
| 035 |
|
|
|a KE10085
|
| 040 |
|
|
|a KEVKJB
|b slo
|c KEVKJB
|e AACR2
|
| 041 |
0 |
|
|a slo
|
| 044 |
|
|
|a xo
|c SK
|
| 080 |
|
|
|a 791
|2 1981
|
| 080 |
|
|
|a 111.85-055.25
|2 1981
|
| 100 |
1 |
|
|a Gilányi, Gabriel
|4 aut
|9 858096
|
| 245 |
1 |
0 |
|a Ľudia nechcú počuť pravdu
|b Zlatica Sivaničová, tohoročná Miss vlasy Slovensko'99 pre Košický večer
|
| 300 |
|
|
|b 6 foto
|
| 590 |
|
|
|a Sivaničová, Zlatica
|b Miss vlasy
|
| 600 |
1 |
7 |
|a Sivaničová, Zlatica
|2 KEVKJB
|9 879755
|
| 650 |
0 |
7 |
|a súťaže krásy
|2 KEVKJB
|9 22370
|
| 650 |
0 |
7 |
|a rozhovory profilové
|2 KEVKJB
|9 873258
|
| 651 |
|
7 |
|a Košice (Slovensko)
|2 KEVKJB
|9 18694
|
| 651 |
|
7 |
|a KE,
|2 KEVKJB
|9 877256
|
| 655 |
|
7 |
|a periodikum
|2 snkbucl
|9 29553
|
| 700 |
1 |
0 |
|a Sivaničová, Gabriela
|4 aut
|9 887649
|
| 773 |
0 |
8 |
|t Košický večer
|g Roč. 10
|g Roč. 31, č.23, 11.6.1999, s. 5
|
| 852 |
|
|
|a ZVYKNI
|b KIS3GCP
|
| 999 |
|
|
|c 1408021
|d 1409951
|